Ľudové textilné techniky v Liptove

Bibliographic Details
Main Author: Zuskinová, Iveta, 1950- (Author)
Format: Article
Language:Slovak
PhysicalDescription:Fotogr. 1
Subjects:

MARC

LEADER 00000nab a2200000 a 4500
001 vtls000595434
003 SK-MaSNL
005 20260303015550.0
008 160202c1996 xo 0 slo
015 |a SNBRB19rr/mm-uuuuu 
035 |a CL0595573 
040 |a SNKBUCL  |b slo  |c SNKBUCL  |e AACR2 
041 0 |a slo 
044 |a xo  |c SK 
080 |a 746.1:745.52  |2 1981 
080 |a 745.52  |2 1981 
100 1 |a Zuskinová, Iveta,  |d 1950-  |4 aut  |9 105217 
245 1 0 |a Ľudové textilné techniky v Liptove  |c Iveta Zuskinová 
300 |b Fotogr. 1 
650 0 7 |a tkanie  |2 snkbucl  |9 16177 
650 0 7 |a tkaniny  |2 snkbucl  |9 76712 
651 7 |a Liptov (Slovensko : región)  |2 snkbucl  |9 151081 
655 7 |a články z novín a časopisov  |2 snkbucl  |9 267496 
773 0 |t Národná osveta  |g Roč. 6, č. 11 (1996) 
773 0 |t [Príl.] Paleta  |g Roč. 2, č. 2 (1996), s. 12-13 
850 |a Slovenská národná knižnica v Martine  |a MTA001 
852 |a SNK  |b KIS3GCP 
958 |a RK 
958 |a SK 
992 |a RBX 
999 |c 1613513  |d 1615443